Finite Markov chains and algorithmic applications / (Record no. 8403)

MARC details
000 -LEADER
fixed length control field 00727cam a2200253 a 4500
001 - CONTROL NUMBER
control field 12861401
003 - CONTROL NUMBER IDENTIFIER
control field OSt
005 - DATE AND TIME OF LATEST TRANSACTION
control field 20240612104805.0
008 - FIXED-LENGTH DATA ELEMENTS--GENERAL INFORMATION
fixed length control field 020719s2002 enka b 001 0 eng
010 ## - LIBRARY OF CONGRESS CONTROL NUMBER
LC control number 2002510387
015 ## - NATIONAL BIBLIOGRAPHY NUMBER
National bibliography number GBA2-36164
020 ## - INTERNATIONAL STANDARD BOOK NUMBER
International Standard Book Number 0521813573
020 ## - INTERNATIONAL STANDARD BOOK NUMBER
International Standard Book Number 0521890012
040 ## - CATALOGING SOURCE
Original cataloging agency DDC
Transcribing agency MUST
082 04 - DEWEY DECIMAL CLASSIFICATION NUMBER
Classification number 511
100 1# - MAIN ENTRY--PERSONAL NAME
Personal name Häggström, Olle.
9 (RLIN) 17089
245 10 - TITLE STATEMENT
Title Finite Markov chains and algorithmic applications /
260 ## - PUBLICATION, DISTRIBUTION, ETC. (IMPRINT)
Place of publication, distribution, etc. Cambridge ;
-- New York :
Name of publisher, distributor, etc. Cambridge University Press,
Date of publication, distribution, etc. 2002.
300 ## - PHYSICAL DESCRIPTION
Extent ix, 114 p. :
Other physical details ill. ;
Dimensions 24 cm.
504 ## - BIBLIOGRAPHY, ETC. NOTE
Bibliography, etc Includes bibliographical references and indexes
650 #0 - SUBJECT ADDED ENTRY--TOPICAL TERM
Topical term or geographic name as entry element Markov processes.
9 (RLIN) 17090
650 #0 - SUBJECT ADDED ENTRY--TOPICAL TERM
Topical term or geographic name as entry element Algorithms.
9 (RLIN) 5935
942 ## - ADDED ENTRY ELEMENTS (KOHA)
Source of classification or shelving scheme Other/Generic Classification Scheme
Koha item type Open Shelf
Holdings
Withdrawn status Lost status Source of classification or shelving scheme Damaged status Not for loan Home library Current library Inventory number Total Checkouts Full call number Barcode Date last seen Koha item type
    Dewey Decimal Classification     MUST Main Library MUST Main Library 03/20394   511 2024-20321 12/06/2024 Open Shelf